000 002660000a22000970004500
100 1 _aPropp, William H.C.
245 1 0 _aThat bloody bridegroom (Exodus 4:24-6)
300 _aVol. 43, Num. 4 (Octubre, 1993), Páginas 495-518
773 0 _tVetus Testamentum
942 _cANA
999 _c57866
_d57866